00790nam a2200205 i 4500001000700000003000700007005001700014008004100031080001900072100003300091245012600124260008900250300002100339502003700360650001900397650002200416655003500438710006800473852004300541190356SpMaBN20240410102533.0201111s1977 sp |||| | spa d a800.732(043.2)1 aBuxó Rey, María Jesús.10aAntropología del bilingüismo, multilingüismo y variantes funcionales de un código / cMaría Jesús Buxó Rey. aBarcelona : bUniversidad de Barcelona, [Facultad de Geografía e Historia],c1977. a13 p. ; c24 cm. aTesis-Univ. Barcelona (Extracto) 4aBilingüismo. 4aMultilingüismo. aTesis y escritos académicos 2 aUniversidad de Barcelona. bFacultad de Geografía e Historia.4 aES-MaACLjP-1415 (108)bR.68610cDEPO2